Welcome to the Holygrace Academy Library

Please use search bar below to get started

THE WATERMELON ROUTE (Record no. 5463)

MARC details
000 -LEADER
fixed length control field 00282nam a22001217a 4500
082 ## - DEWEY DECIMAL CLASSIFICATION NUMBER
Classification number 823
Item number PRA/W
100 ## - MAIN ENTRY--AUTHOR NAME
Personal name PRAKASHAN, PRAKASHAN
245 ## - TITLE STATEMENT
Title THE WATERMELON ROUTE
260 ## - PUBLICATION, DISTRIBUTION, ETC. (IMPRINT)
Place of publication PUNE
Name of publisher MILIND L
520 ## - SUMMARY, ETC.
Summary, etc ENGLISH SHORT STORY
650 ## - SUBJECT ADDED ENTRY--TOPICAL TERM
Topical Term ENGLISH SHORT STORY
Geographic subdivision PUNE
942 ## - ADDED ENTRY ELEMENTS (KOHA)
Koha item type Books
Holdings
Withdrawn status Lost status Collection code Home library Current library Shelving location Date acquired Source of acquisition Cost, normal purchase price Full call number Accession Number Koha item type
    Fiction Main Library Main Library SHELF 3- I- ENGLISH CHILDRENS LITERATURE &MYTHOLOGY 06/06/2015 PURCHASE 60.00 823 PRA/W 09399 Books